| 000 | 00595nam a2200169 a 4500 | ||
|---|---|---|---|
| 008 | 061106s1967 ||||||||||||||||| || u | ||
| 020 | _a0140208275 | ||
| 050 | _aD 725.P5 Bar. | ||
| 100 | _aBarraclough, Geoffrey | ||
| 245 | 1 | 3 | _aAn introduction to contemporary history |
| 260 |
_aEngland _bPenguin _c1967 |
||
| 300 | _a284p. | ||
| 350 | _a0.00 | ||
| 650 | 0 | _aAFRICA--HISTORY | |
| 650 | _aHISTORY, MODERN--20th CENTURY | ||
| 995 |
_D0.00 _FCBU-MAIN LIBRARY (Kitwe) _H1 _I0.00 _M1 _UAVAILABLE _WNov 6, 2006 _ZMain Library Open Access Collection |
||
| 999 |
_c47676 _d47676 |
||